书目信息 |
| 题名: |
风景园林建筑快速设计
|
|
| 作者: | 曾洪立 , 胡燕 , 王晓博 编著 | |
| 分册: | ||
| 出版信息: | 北京 中国林业出版社 2010.04 |
|
| 页数: | 130页 | |
| 开本: | 25cm | |
| 丛书名: | 高等学校风景园林教材 | |
| 单 册: | ||
| 中图分类: | TU986.4 | |
| 科图分类: | ||
| 主题词: | 园林建筑--yuan lin jian zhu--园林设计--高等学校--教材 | |
| 电子资源: | ||
| ISBN: | 978-7-5038-5478-1 | |
| 000 | 01141nam 2200301 450 | |
| 001 | 297020 | |
| 005 | 20110830190927.12 | |
| 010 | @a978-7-5038-5478-1@dCNY56.00 | |
| 100 | @a20100524d2010 em y0chiy0121 ea | |
| 101 | 0 | @achi |
| 102 | @aCN@b110000 | |
| 105 | @aa z 000yy | |
| 106 | @ar | |
| 200 | 1 | @a风景园林建筑快速设计@Afeng jing yuan lin jian zhu kuai su she ji@d= Landscape architecture rapid design@f曾洪立, 王晓博, 胡燕编著@zeng |
| 210 | @a北京@c中国林业出版社@d2010.04 | |
| 215 | @a130页@c图 (部分彩图)@d25cm | |
| 225 | 2 | @a高等学校风景园林教材@Agao deng xue xiao feng jing yuan lin jiao cai |
| 330 | @a本书内容包括园林建筑快速设计题型介绍—环境特征、园林建筑快速设计题型介绍—功能分类、园林建筑快速设计题例等5章。 | |
| 410 | 0 | @12001 @a高等学校风景园林教材 |
| 510 | 1 | @aLandscape architecture rapid design@zeng |
| 586 | @a | |
| 606 | 0 | @a园林建筑@Ayuan lin jian zhu@x园林设计@x高等学校@j教材 |
| 690 | @aTU986.4@v5 | |
| 701 | 0 | @a曾洪立@Azeng hong li@c(副教授)@4编著 |
| 701 | 0 | @a胡燕@Ahu yan@c(教师)@4编著 |
| 701 | 0 | @a王晓博@Awang xiao bo@c(教师)@4编著 |
| 801 | 0 | @aCN@c20110610 |
| 905 | @dTU986.4@eZ024 | |
| 风景园林建筑快速设计= Landscape architecture rapid design/曾洪立, 王晓博, 胡燕编著.-北京:中国林业出版社,2010.04 |
| 130页:图 (部分彩图);25cm.-(高等学校风景园林教材) |
| ISBN 978-7-5038-5478-1:CNY56.00 |
| 本书内容包括园林建筑快速设计题型介绍—环境特征、园林建筑快速设计题型介绍—功能分类、园林建筑快速设计题例等5章。 |
| ● |
| 相关链接 |
|
|
|
正题名:风景园林建筑快速设计
索取号:TU986.4/Z024
 
预约/预借
| 序号 | 登录号 | 条形码 | 馆藏地/架位号 | 状态 | 备注 |
| 1 | 889961 | 208899619 | 建筑库201/201建筑库 117排2列1层/ [索取号:TU986.4/Z024] | 在馆 | |
| 2 | 889962 | 208899628 | 建筑与城市规划学院资料室/101建筑库 92排2列4层/ [索取号:TU986.4/Z024] | 在馆 | |
| 3 | 889963 | 208899637 | 建筑与城市规划学院资料室/101建筑库 92排2列4层/ [索取号:TU986.4/Z024] | 在馆 | |
| 4 | 889964 | 208899646 | 建筑库201/201建筑库 117排2列1层/ [索取号:TU986.4/Z024] | 在馆 | |
| 5 | 889965 | 208899655 | 建筑库201/201建筑库 117排2列1层/ [索取号:TU986.4/Z024] | 在馆 |